[Event "Titled Tuesday intern op 09th Feb"]
[Site "Chess.com INT"]
[Date "2021.02.09"]
[Round "3"]
[White "Markowski, Tomasz"]
[Black "Urjubdshzirov, Erdni"]
[Result "0-1"]
[WhiteElo "2546"]
[BlackElo "2295"]
[PlyCount "90"]
[EventDate "2021.02.09"]
[EventType "swiss (blitz)"]
[EventRounds "11"]
[EventCountry "USA"]
[SourceTitle "EXT 2022"]
[Source "ChessBase"]
[SourceDate "2021.10.06"]
[SourceVersion "1"]
[SourceVersionDate "2021.10.06"]
[SourceQuality "1"]

1. d4 Nf6 2. c4 e6 3. g3 c5 4. d5 exd5 5. cxd5 Bd6 6. Nc3 a6 7. a4 0-0 8. Bg2 h6 9. e4 Re8 10. Nge2 Bc7 11. 0-0 d6 12. h3 Nbd7 13. f4 Rb8 14. Qd3 Nf8 15. Be3 Ng6 16. g4 Bd7 17. e5 dxe5 18. f5 e4 19. Nxe4 Ne5 20. Qc2 Nxd5 21. Bxc5 Bb6 22. Qb3 Bc6 23. Rfd1 Bxc5+ 24. Nxc5 Qe7 25. Rac1 Nf6 26. Nf4 Bxg2 27. Nxg2 Rec8 28. Nd3 Nxd3 29. Qxd3 Rxc1 30. Rxc1 Rd8 31. Qe3 Qb4 32. b3 Qd2 33. Qxd2 Rxd2 34. Rc8+ Kh7 35. Rc7 h5 36. g5 Ne4 37. Rxf7 Nxg5 38. Rxb7 Nxh3+ 39. Kh1 Nf2+ 40. Kg1 Ng4 41. Nh4 Rd1+ 42. Kg2 Kh6 43. Rb6+ Kg5 44. Nf3+ Kf4 45. Rb4+ Kxf5 0-1

[Event "POL-chT Ekstraliga"]
[Site "Warsaw"]
[Date "2020.08.29"]
[Round "4.5"]
[White "Markowski, Tomasz"]
[Black "Nguyen, Piotr"]
[Result "1-0"]
[WhiteElo "2548"]
[BlackElo "2422"]
[PlyCount "95"]
[EventDate "2020.08.26"]
[EventType "team-tourn"]
[EventRounds "9"]
[EventCountry "POL"]
[SourceTitle "CBM 198 Extra"]
[Source "ChessBase"]
[SourceDate "2020.11.30"]
[SourceVersion "1"]
[SourceVersionDate "2020.11.30"]
[SourceQuality "1"]
[WhiteTeam "Raciborz Silesia"]
[BlackTeam "Krakow Dwie Wieze"]
[WhiteTeamCountry "POL"]
[BlackTeamCountry "POL"]

1. d4 Nf6 2. Nf3 g6 3. e3 Bg7 4. Be2 c5 5. 0-0 0-0 6. dxc5 Na6 7. Bxa6 bxa6 8. b3 Qc7 9. Bb2 Bb7 10. Nbd2 Qxc5 11. c4 d6 12. Qe2 a5 13. Rfc1 e5 14. a4 Nd7 15. Ng5 Qc6 16. f3 Bh6 17. Nge4 f5 18. Nf2 Bg5 19. Ba3 Bd8 20. Nd3 Rb8 21. b4 axb4 22. Nxb4 Qxa4 23. Qd3 a5 24. Nc2 e4 25. fxe4 fxe4 26. Qxd6 Rf6 27. Qg3 Qc6 28. Nd4 Qc7 29. Qxc7 Bxc7 30. Nb5 Be5 31. Rab1 Ba8 32. Nb3 a4 33. N3d4 Nb6 34. Be7 Rf7 35. Bd6 Bxd6 36. Nxd6 Rf6 37. c5 Nd7 38. Rxb8+ Nxb8 39. Ra1 Nd7 40. Rxa4 Bd5 41. Ra5 Kf8 42. h3 h5 43. N6b5 Ke7 44. Nc3 Bc6 45. Na2 Ne5 46. Nb4 Kd7 47. Ra7+ Kc8 48. Re7 1-0